Statistics for U.S. Metropolitan Areas with the Lowest Robbery Rate (>2M pop.)

Click here to take the quiz!

General Stats

  • This quiz has been taken 12 times
  • The average score is 12 of 15

Answer Stats

HintAnswer% Correct
106Atlanta
100%
63Boston
100%
97San Diego
100%
119Seattle
100%
69Austin
86%
90Denver
86%
119Orlando
86%
79Portland
86%
101Cincinnati
71%
83Kansas City
71%
101Minneapolis
71%
111New York
71%
69Pittsburgh
71%
108Tampa
71%
95Detroit
57%

Score Distribution

Percentile by Number Answered

Percent of People with Each Score

Your Score History

You have not taken this quiz